000 00600nam a2200241Ia 4500
003 OSt
005 20220928145429.0
006 a|||||r|||| 00| 0
007 ta
008 220927b |||||||| |||| 00| 0 eng d
024 _a80596
037 _cTextual
040 _aSDCL
_cSDCL
_beng
041 _2eng
_aeng
082 _aX65:(B), L3
100 _aCissell Robert
_9512960
245 0 _aMathmetics of finance
250 _a4
260 _c1973
700 _a Cissell Helen
_9512961
942 _hX65:(B), L3
_cTEXL
_2CC
999 _c833615
_d833615